000 00777nam a2200229Ia 4500
001 15298
003 GE_BSU
008 181216s||||||||xx |||||||||||||| ||und||
040 _cGE_BSU
080 _a821.353.1-32+821.353.1-94
100 _aშანშიაშვილი,სანდრო
245 _aტყის ქურდი
245 _bმოთხრობები. მოგონებები
245 _cრედ.რ.მარგიანი. მხატვ.მ.ლეკიშვილი
260 _aთბილისი
260 _bლიტერატურა და ხელოვნება
260 _c1965
300 _a384გვ.
300 _e1ფ.პორტრ.
653 _aტყის ქურდი
942 _cBK
999 _c48406
_d48406